| 000 | 01949nam0a2200433 4500 | ||
|---|---|---|---|
| 001 | RU\NLR\BIBL_A\022725547 | ||
| 005 | 20260323165733.0 | ||
| 010 |
_a978-5-00252-283-5 _93000 |
||
| 021 |
_aRU _bКН-П-25-080349 _9КН-П-25-7789 |
||
| 035 | _a(NLR Aleph) 022725547 | ||
| 090 |
_a13643911 _c13643911 |
||
| 100 | _a20260211d2025 u y0rusy50 ca | ||
| 101 | 1 |
_arus _ceng |
|
| 102 | _aRU | ||
| 105 | _aa z 000ay | ||
| 181 | 0 |
_ab3 _bbb2e |
|
| 181 | 0 |
_ai2 _baxxe |
|
| 181 | 0 |
_ae2 _bbb3ed |
|
| 182 | 0 | _an | |
| 200 | 1 |
_aСпи, Дракоша, баю-бай! _e[для чтения взрослыми детям _eразвивающий комплект для детей от 3 лет] _fпридумала Бьянка Шульц _g[перевод с английского Елены Фельдман] _gнарисовала Самара Харди |
|
| 203 |
_aИзображение _aТекст _bвизуальные _cнепосредственные |
||
| 203 |
_aПредмет _bвизуальный _bтактильный _cнепосредственный |
||
| 210 |
_aМосква _cКлевер-Медиа-Групп, Clever _d2025 (макет 2025) |
||
| 215 |
_a32 с. _cцв. ил. _d21x21 |
||
| 225 | 1 | _aДракоша | |
| 225 | 1 |
_aЧитайте и играйте! _eкнижка и игрушка |
|
| 300 | _aНа коробке: Игрушка-сплюшка в подарок! | ||
| 300 | _aНа корешке авт.: Бьянка Шульц, Самара Харди | ||
| 309 | _aВложена в коробку (22x22x10 см) с мягкой игрушкой | ||
| 333 | _a0+ | ||
| 517 | 1 | _aИгрушка-сплюшка в подарок! | |
| 686 | 0 | _aШ9(2)60=Р7-8 | |
| 700 | 1 |
_aШульц _bБ. _gБьянка _3RU\NLR\AUTH\770221632 |
|
| 702 | 1 |
_aХарди _bС. _gСамара _4440 |
|
| 942 | _cBOOK | ||
| 980 | _aNB | ||